00327nam a2200133Ia 4500008004100000020001500041050002300056245002000079260002400099300001100123650001200134980003000146999001700176151021s9999 xx 000 0 und d a1590521676 aBV4596.S5H36 2000  a_Joshua Harris  aUSA multnomah 2000  a247p.  a_Novel  a^d20130522 09:58:20^oanne c13602d13602